000 00716nam a2200229 a 4500
005 20210223130520.0
008 080616s1986 mx r 000 0 spa d
035 _aUPN01000156959
049 _aUNE
080 _a613.22 (07) =20 ALI No.21.
245 0 0 _aSome recent ideas on school feeding /
_cClaude Chicot ... [et al.].
260 _aParís :
_bUNESCO,
_aNew York :
_bUNICEF,
_aRome :
_bWFP,
_c1986.
300 _a149 p. :
_bfot.
440 0 _aChild, family, community ;
_v21
690 _aEducación nutricional
690 _aComidas escolares
700 1 _aChicot, Claude,
_ecoaut.
710 2 _aUNICEF
_924085
710 2 _aUNESCO
710 2 _aWFP.
_bPrograma de Alimentación Mundial.
905 _aUNESCO
999 _c129073
_d129073